|
|
|
|
| LEADER |
00000cam a2200000 a 4500 |
| 001 |
vtls001434521 |
| 003 |
SK-MaSNL |
| 005 |
20260302061415.0 |
| 008 |
240226s2001 xo l drp 000 0 slo |
| 015 |
|
|
|a SNBA2002/08-02737
|
| 020 |
|
|
|a 8088939437
|
| 035 |
|
|
|a SNK000389598
|
| 035 |
|
|
|a 45F9FD53-D55C-4B22-94B5-C1F512370FFD
|
| 035 |
|
|
|a urn:nbn:sk:snk-am00feir
|
| 035 |
|
|
|a urn:nbn:sk:snk-am3iih5
|
| 035 |
|
|
|a AA0F16FE-DD58-45E9-811D-7A861A793868
|
| 035 |
|
|
|a urn:nbn:sk:snk-am00ekie
|
| 040 |
|
|
|a SNK
|b slo
|c SNK
|e AACR2
|
| 041 |
0 |
|
|a slo
|
| 044 |
|
|
|a xo
|c SK
|
| 080 |
|
|
|a 657.11
|2 2011
|
| 080 |
|
|
|a (075.3)
|2 2011
|
| 100 |
1 |
|
|a Vachová, Eva,
|d 1960-
|4 aut
|9 47506
|
| 245 |
1 |
0 |
|a Jednoduché účtovníctvo v praxi
|c Eva Vachová
|
| 250 |
|
|
|a 3. upravené a rozšírené vydanie
|
| 260 |
|
|
|a Bratislava
|b Petrus
|c c2001
|
| 300 |
|
|
|a 176 strán
|b tabuľky
|c 21 cm
|e 4 voľné listy
|
| 650 |
0 |
7 |
|a jednoduché účtovníctvo
|2 SNKPH
|9 652
|
| 655 |
|
7 |
|a učebnice stredných škôl
|2 SNKPH
|9 69323
|
| 919 |
|
|
|a 80-88939-43-7
|
| 958 |
|
|
|a TL
|
| 958 |
|
|
|a UC
|
| 958 |
|
|
|a OND
|
| 999 |
|
|
|c 1125210
|d 1127140
|
| 952 |
|
|
|t P60, <03>, [BOOK], {603}
|a SNK
|b SNK
|y PREZ
|7 0
|p 17A0345291
|o snkSC 108128
|i snkKSP 6309/2002
|0 0
|1 0
|4 0
|d 2002-05-28
|f 1
|l 0
|r 2025-09-29 00:00:00
|w 2026-02-24
|
| 952 |
|
|
|t P60, <03>, [BOOK], {603}
|a SNK
|b SNK
|y PREZ
|7 0
|p 17A0345292
|o snkSC 108128/pril.
|i snkKSP 6309/2002
|0 0
|1 0
|4 0
|d 2002-05-28
|f 1
|l 0
|r 2025-09-29 00:00:00
|w 2026-02-24
|
| 952 |
|
|
|t P60, <04>, [BOOK], {604}
|a SNK
|b SNK
|y VYP
|7 0
|p 17A0345293
|o snkSC 108128 D1
|i snkKSP 6310/2002
|0 0
|1 0
|4 0
|d 2002-05-28
|l 0
|r 2005-01-02 00:00:00
|w 2026-02-24
|
| 952 |
|
|
|t P60, <04>, [BOOK], {604}
|a SNK
|b SNK
|y VYP
|7 0
|p 17A0345294
|o snkSC 108128/pril. D1
|i snkKSP 6310/2002
|3 príloha 6 listov
|0 0
|1 0
|4 0
|d 2002-05-28
|l 0
|r 2005-01-02 00:00:00
|w 2026-02-24
|